خزانة الأدب ولب لباب لسان العرب / (رقم التسجيلة. 177843)

تفاصيل مارك
000 -LEADER
fixed length control field 01585namaa22003491i 4500
003 - CONTROL NUMBER IDENTIFIER
control field EG-GICUC
005 - DATE AND TIME OF LATEST TRANSACTION
control field 20260119110646.0
008 - FIXED-LENGTH DATA ELEMENTS--GENERAL INFORMATION
fixed length control field 260119s1989 ua ||||jr|||| 000 0 ara d
017 ## - COPYRIGHT OR LEGAL DEPOSIT NUMBER
Copyright or legal deposit number 1979 / 4728
Assigning agency دار الكتب والوثائق القومية (مصر)
020 ## - INTERNATIONAL STANDARD BOOK NUMBER
International Standard Book Number 9772017784
040 ## - CATALOGING SOURCE
Original cataloging agency EG-GiCUC
Language of cataloging ara
Transcribing agency EG-GiCUC
Modifying agency EG-GiCUC
Description conventions rda
082 04 - DEWEY DECIMAL CLASSIFICATION NUMBER
Edition number 21
Classification number 811.009
Item number B1449
092 04 - LOCALLY ASSIGNED DEWEY CALL NUMBER (OCLC)
Edition number 21
Classification number 811.009
Item number B1449
099 ## - LOCAL FREE-TEXT CALL NUMBER (OCLC)
Classification number 811.009 B1449 1989
100 1# - MAIN ENTRY--PERSONAL NAME
Personal name البغدادى، عبد القادر بن عمر،
Dates associated with a name 1621-1682.
Relator term مؤلف.
245 1# - TITLE STATEMENT
Title خزانة الأدب ولب لباب لسان العرب /
Statement of responsibility, etc. تأليف عبد القادر عمر البغدادى ؛ تحقيق وشرح عبد السلام هارون
250 ## - EDITION STATEMENT
Edition statement الطبعة الثالثة
264 ## - PRODUCTION, PUBLICATION, DISTRIBUTION, MANUFACTURE, AND COPYRIGHT NOTICE
Place of production, publication, distribution, manufacture القاهرة (مصر) :
Name of producer, publisher, distributor, manufacturer مكتبة الخانجى،
Date of production, publication, distribution, manufacture, or copyright notice 1989
300 ## - PHYSICAL DESCRIPTION
Extent ؛ 13 مجلد
Dimensions 24 سم
Other physical details إيضاحيات، صور، مثيليات ؛ Illustrations
336 ## - CONTENT TYPE
Source rdacontent
Content type term text
337 ## - MEDIA TYPE
Source rdamedia
Media type term Unmediated
338 ## - CARRIER TYPE
Source rdacarrier
Carrier type term volume
504 ## - BIBLIOGRAPHY, ETC. NOTE
Bibliography, etc. note يشتمل على ارجاعات ببليوجرافية
541 ## - IMMEDIATE SOURCE OF ACQUISITION NOTE
Source of acquisition د. جابر عصفور ؛
Address القاهرة ؛
Method of acquisition إهداء ؛
Date of acquisition 2024.
650 17 - SUBJECT ADDED ENTRY--TOPICAL TERM
Topical term or geographic name entry element الشعر العربى
General subdivision تاريخ و نقد
Source of heading or term qrmak
650 17 - SUBJECT ADDED ENTRY--TOPICAL TERM
Topical term or geographic name entry element الشعر العربى
Form subdivision الاعمال الاولية حتى 1800
General subdivision تاريخ و نقد
Source of heading or term qrmak
650 17 - SUBJECT ADDED ENTRY--TOPICAL TERM
Topical term or geographic name entry element اللغة العربية
General subdivision النحو
Source of heading or term qrmak
651 1# - SUBJECT ADDED ENTRY--GEOGRAPHIC NAME
Source of heading or term qrmak
700 1# - ADDED ENTRY--PERSONAL NAME
Personal name هارون، عبد السلام محمد
Relator term محقق.
905 ## - Cataloger and Reviser Names
Cataloger Name Huda
942 ## - ADDED ENTRY ELEMENTS (KOHA)
Source of classification or shelving scheme Dewey Decimal Classification
Koha item type Books
Edition 21
Suppress in OPAC No
المقتنيات
Withdrawn status Lost status Source of classification or shelving scheme Damaged status Not for loan Home library Current library Date acquired Inventory number Total checkouts Full call number Barcode Date last seen Price effective from Koha item type
    Dewey Decimal Classification   Not for loan المكتبة المركزبة الجديدة - جامعة القاهرة قاعة المكتبات المهداة - الدور الرابع 19.01.2026 175088   811.009 B1449 1989 v.1 J.U. 01000100175088001 19.01.2026 19.01.2026 Books
    Dewey Decimal Classification   Not for loan المكتبة المركزبة الجديدة - جامعة القاهرة قاعة المكتبات المهداة - الدور الرابع 19.01.2026 175088   811.009 B1449 1989 v.2 J.U. 01000100175088002 19.01.2026 19.01.2026 Books
    Dewey Decimal Classification   Not for loan المكتبة المركزبة الجديدة - جامعة القاهرة قاعة المكتبات المهداة - الدور الرابع 19.01.2026 175088   811.009 B1449 1989 v.3 J.U. 01000100175088003 19.01.2026 19.01.2026 Books
    Dewey Decimal Classification   Not for loan المكتبة المركزبة الجديدة - جامعة القاهرة قاعة المكتبات المهداة - الدور الرابع 19.01.2026 175088   811.009 B1449 1989 v.4 J.U. 01000100175088004 19.01.2026 19.01.2026 Books
    Dewey Decimal Classification   Not for loan المكتبة المركزبة الجديدة - جامعة القاهرة قاعة المكتبات المهداة - الدور الرابع 19.01.2026 175088   811.009 B1449 1989 v.5 J.U. 01000100175088005 19.01.2026 19.01.2026 Books
    Dewey Decimal Classification   Not for loan المكتبة المركزبة الجديدة - جامعة القاهرة قاعة المكتبات المهداة - الدور الرابع 19.01.2026 175088   811.009 B1449 1989 v.6 J.U. 01000100175088006 19.01.2026 19.01.2026 Books
    Dewey Decimal Classification   Not for loan المكتبة المركزبة الجديدة - جامعة القاهرة قاعة المكتبات المهداة - الدور الرابع 19.01.2026 175088   811.009 B1449 1989 v.7 J.U. 01000100175088007 19.01.2026 19.01.2026 Books
    Dewey Decimal Classification   Not for loan المكتبة المركزبة الجديدة - جامعة القاهرة قاعة المكتبات المهداة - الدور الرابع 19.01.2026 175088   811.009 B1449 1989 v.8 J.U. 01000100175088008 19.01.2026 19.01.2026 Books
    Dewey Decimal Classification   Not for loan المكتبة المركزبة الجديدة - جامعة القاهرة قاعة المكتبات المهداة - الدور الرابع 19.01.2026 175088   811.009 B1449 1989 v.9 J.U. 01000100175088009 19.01.2026 19.01.2026 Books
    Dewey Decimal Classification   Not for loan المكتبة المركزبة الجديدة - جامعة القاهرة قاعة المكتبات المهداة - الدور الرابع 19.01.2026 175088   811.009 B1449 1989 v.10 J.U. 01000100175088010 19.01.2026 19.01.2026 Books
    Dewey Decimal Classification   Not for loan المكتبة المركزبة الجديدة - جامعة القاهرة قاعة المكتبات المهداة - الدور الرابع 19.01.2026 175088   811.009 B1449 1989 v.11 J.U. 01000100175088011 19.01.2026 19.01.2026 Books
    Dewey Decimal Classification   Not for loan المكتبة المركزبة الجديدة - جامعة القاهرة قاعة المكتبات المهداة - الدور الرابع 19.01.2026 175088   811.009 B1449 1989 v.12 Index J.U. 01000100175088012 19.01.2026 19.01.2026 Books
    Dewey Decimal Classification   Not for loan المكتبة المركزبة الجديدة - جامعة القاهرة قاعة المكتبات المهداة - الدور الرابع 19.01.2026 175088   811.009 B1449 1989 v.13 Index J.U. 01000100175088013 19.01.2026 19.01.2026 Books
Cairo University Libraries Portal Implemented & Customized by: Eng. M. Mohamady Contacts: new-lib@cl.cu.edu.eg | cnul@cl.cu.edu.eg
CUCL logo CNUL logo
© All rights reserved — Cairo University Libraries
CUCL logo
Implemented & Customized by: Eng. M. Mohamady Contact: new-lib@cl.cu.edu.eg © All rights reserved — New Central Library
CNUL logo
Implemented & Customized by: Eng. M. Mohamady Contact: cnul@cl.cu.edu.eg © All rights reserved — Cairo National University Library